Triết học giáo dục Việt Nam

Enregistré dans:
Détails bibliographiques
Auteur principal: Thái, Duy Tuyên
Format: Livre
Langue:Vietnamese
Publié: Hà Nội Đại học Sư phạm 2013
Édition:In lần thứ ba
Sujets:
Tags: Ajouter un tag
Pas de tags, Soyez le premier à ajouter un tag!
Thư viện lưu trữ: Trung tâm Học liệu Lê Vũ Hùng, Trường Đại học Đồng Tháp
LEADER 01028pam a22003258a 4500
001 00032853
005 20171026081025.0
008 141204s2013 ||||||viesd
020 # # |a 9786045402443  |c 29000 
041 0 # |a vie 
082 1 4 |a 370.1  |b TR308H 
100 1 # |a Thái, Duy Tuyên 
245 1 0 |a Triết học giáo dục Việt Nam  |c Thái Duy Tuyên 
250 # # |a In lần thứ ba 
260 # # |a Hà Nội  |b Đại học Sư phạm  |c 2013 
300 # # |a 190 tr.  |c 21 cm. 
504 # # |a Thư mục: tr. 189-190 
653 # # |a Giáo dục 
653 # # |a Việt Nam 
653 # # |a Triết học 
653 # # |a Phương Đông 
653 # # |a Phương Tây 
852 # # |j KM.0017670  |j KM.0017671  |j KD.0016387  |j KM.0017673  |j KM.0017672 
852 # # |b Kho đọc  |j KD.0016387 
852 # # |b Kho mượn  |j KM.0017670, KM.0017671, KM.0017672, KM.0017673 
910 |d 4/12/2014 
980 # # |a Trung tâm Học liệu Lê Vũ Hùng, Trường Đại học Đồng Tháp